000
00293nam a22000977a 4500
008
240405b |||||||| |||| 00| 0 eng d
020
_a
9789390441020
100
_a
Atkinson Walker William
_9
7762
245
_a
MEMORY How to Develop, Train and Use It.
260
_a
New Delhi
_b
Srishti Publishers
_c
2022
999
_c
12560
_d
12560